000 01247cgm a22003253a 4500
999 _c6875
_d6875
001 17827353
003 OSt
005 20190121130307.0
007 vffczaho|
008 130726s2012 xxu088 mleng
010 _a 2013605833
017 _aPA0001836164
_bU.S. Copyright Office
040 _aDLC
_cDLC
_eamim
050 0 0 _aVBW 4156 (viewing copy)
082 _a791.5
_bF919W
245 0 0 _aWhy stop now? /
_cBy Roger Fritz.
257 _aUnited States.
260 _c2012.
300 _3viewing copy
_a1 videocassette of 1 (Digital Betacam) (87 min., 37 sec.) :
_bsd., col. ;
_c1/2 in.
500 _aSources used: video container; Copyright catalog online; IMDB WWW site, viewed July 26, 2013.
511 1 _aJesse Eisenberg, Melissa Leo, Tracy Morgan.
520 _a"When a college piano prodigy tries to check his mother into rehab, he is taken hostage by her drug dealer and swept along on a wild adventure"--IMDB WWW site, viewed July 26, 2013.
655 7 _aComedy films.
_2lcgft
655 7 _aFeature films.
_2lcgft
655 7 _aFiction films.
_2lcgft
710 2 _aCopyright Collection (Library of Congress)
_5DLC
906 _a0
_bcbc
_corignew
_du
_encip
_f20
_gy-movingim
942 _2ddc
_cBK